书目信息 |
| 题名: |
《诗余画谱》研究
|
|
| 作者: | 魏亮亮 , 邢博川 著 | |
| 分册: | ||
| 出版信息: | 长春 吉林出版集团股份有限公司 2022 |
|
| 页数: | 166页 | |
| 开本: | 24cm | |
| 丛书名: | ||
| 单 册: | ||
| 中图分类: | J227 , I222.72 | |
| 科图分类: | ||
| 主题词: | 版画--中国--明代--作品集 , 古典诗歌--诗集--中国 | |
| 电子资源: | ||
| ISBN: | 978-7-5731-0224-9 | |
| 000 | 01214nam0 2200265 450 | |
| 001 | 2371385777 | |
| 005 | 20231205194953.94 | |
| 010 | @a978-7-5731-0224-9@dCNY48.00 | |
| 100 | @a20220805d2022 em y0chiy50 ea | |
| 101 | 0 | @achi |
| 102 | @aCN@b220000 | |
| 105 | @aa az 000gy | |
| 200 | 1 | @a《诗余画谱》研究@A《shi yu hua pu 》yan jiu@f魏亮亮,邢博川著 |
| 210 | @a长春@c吉林出版集团股份有限公司@d2022 | |
| 215 | @a166页@c图@d24cm | |
| 320 | @a有书目 (第127-137页) | |
| 330 | @a《诗余画谱》是明代万历四十壬子 (公元1612年) 刊刻的一部融词、画、书为一体的木刻词意版画集。该画谱从《草堂诗余》中遴选百阙名家词,绘刻成一百幅词意版画,并请名公书写上版,采用“前图后文”,一图一书,书画对题的形式装帧排版而成。《诗余画谱》在中国书籍史、画谱史、版画史上较高的地位,以及“以词入画”的艺术创新与价值,获得学界对其的较多关注与研究。本文站在体系性与系统性的学术立场,从多视角对《诗余画谱》进行艺术史的个案研究,其目标是探究一个立体的、动态的、多维的《诗余画谱》。 | |
| 606 | 0 | @a版画@y中国@z明代@x作品集 |
| 606 | 0 | @a古典诗歌@x诗集@y中国 |
| 690 | @aJ227@v5 | |
| 690 | @aI222.72@v5 | |
| 701 | 0 | @a魏亮亮@Awei liang liang@4著 |
| 701 | 0 | @a邢博川@Axing bo chuan@4著 |
| 801 | 0 | @aCN@b91MARC@c20220927 |
| 905 | @aZUCC@dJ227@e6 | |
| 《诗余画谱》研究/魏亮亮,邢博川著.-长春:吉林出版集团股份有限公司,2022 |
| 166页:图;24cm |
| ISBN 978-7-5731-0224-9:CNY48.00 |
| 《诗余画谱》是明代万历四十壬子 (公元1612年) 刊刻的一部融词、画、书为一体的木刻词意版画集。该画谱从《草堂诗余》中遴选百阙名家词,绘刻成一百幅词意版画,并请名公书写上版,采用“前图后文”,一图一书,书画对题的形式装帧排版而成。《诗余画谱》在中国书籍史、画谱史、版画史上较高的地位,以及“以词入画”的艺术创新与价值,获得学界对其的较多关注与研究。本文站在体系性与系统性的学术立场,从多视角对《诗余画谱》进行艺术史的个案研究,其目标是探究一个立体的、动态的、多维的《诗余画谱》。 |
| ● |
| 相关链接 |
|
|
|
正题名:《诗余画谱》研究
索取号:J227/6
 
预约/预借
| 序号 | 登录号 | 条形码 | 馆藏地/架位号 | 状态 | 备注 |
| 1 | 2001268115 | 2001268115 | 辽宁北方(第一批)/辽宁北方(第一批)/336/ [索取号:J227/6] | 在馆 | |
| 2 | 2001268116 | 2001268116 | 辽宁北方(第一批)/辽宁北方(第一批)/336/ [索取号:J227/6] | 在馆 | |
| 3 | 2001268117 | 2001268117 | 辽宁北方(第一批)/辽宁北方(第一批)/336/ [索取号:J227/6] | 在馆 | |
| 4 | 2001268118 | 2001268118 | 辽宁北方(第一批)/辽宁北方(第一批)/336/ [索取号:J227/6] | 在馆 | |
| 5 | 2001268119 | 2001268119 | 辽宁北方(第一批)/辽宁北方(第一批)/336/ [索取号:J227/6] | 在馆 | |
| 6 | 2001268120 | 2001268120 | 辽宁北方(第一批)/辽宁北方(第一批)/336/ [索取号:J227/6] | 在馆 |